000 00639nam a2200205Ii 4500
003 JO-AjNU
008 230605s9999||||xx |||||||||||||| ||und||
040 _aJO-AjNU
_bara
_erda
_cJO-AjNU
041 _aara
050 1 4 _aBP183.3.I2675 1984
100 3 _aالجوزية، ابن قيم,
_eauthor
_99554
245 0 0 _aأذكار اليوم والليلة
250 _aط1
264 3 1 _aبيروت: دار القلم للطباعة والنشر، 1984
300 _a95ص
336 _atext
_btxt
_2rdacontent
337 _aunmediated
_bn
_2rdamedia
338 _avolume
_bnc
_2rdacarrier
650 4 _aالادعية والاوراد
_99555
999 _aA1360
_c4928
_d4928